Harry Potter y el cáliz de fuego / (Registro nro. 12765)

Detalles MARC
000 -LIDER
fixed length control field 00911nam a22002897a 4500
003 - IDENTIFICACDOR DE NÚMERO DE CONTROL
control field DO-SdBNP
005 - DATE AND TIME OF LATEST TRANSACTION
control field 20230811113449.0
008 - ELEMENTOS DE LONGITUD FIJA
fixed length control field 060721 2016 sp spa
017 ## - NÚMERO DE REGISTRO DE DERECHOS DE AUTOR
Copyright or legal deposit number
Assigning agency
020 ## - ISBN
International Standard Book Number 9788498386639
035 ## - NÚMERO LOCAL
System control number
040 ## - FUENTE DE CATALOGACIÓN
Agencia que crea de manera original el registro BPMSU
Idioma de catalogación spa
Agencia que realiza la transcripción BPMSU
Convenciones de la despripción
082 #4 - NÚMERO DE CLASIFICACIÓN DECIMAL DE DEWEY
Classification number 823.91
Item number R884Ha 2016
Edition number 22
100 1# - ASIENTO PRINCIPAL -- NOMBRE PERSONAL
Nombre personal Rowling, J. K.,
Fechas asociadas con el nombre 1965-
245 10 - MENCIÓN DE TITULO
Título Harry Potter y el cáliz de fuego /
Mención de responsabilidad J. K. Rowling
Medio (Designación general de material)
Subtítulo
260 ## - PUBLICACIÓN, DISTRIBUCIÓN, ETC. (PIE DE IMPRENTA)
Lugar de publicación, distribución, etc Barcelona :
Fecha de publicación, distribución, etc 2016.
Nombre del editor, distribuidor, etc. Salamandra,
Lugar de impresión
Impresor
300 ## - DESCRIPCIÓN FÍSICA
Extensión 665 p. ;
Dimensiones 23 cm.
490 0# - MENCIÓN DE SERIES
Materiales especificados Harry Potter,
Volume/sequential designation 4
500 ## - NOTA GENERAL
Nota general Incluye datos biográficos del autor en la solapa de la cubierta
534 ## - NOTA SOBRE LA VERSIÓN ORIGINAL
Asiento principal del original Tìtulo original :
Mención del título original Harry potter and the globet of fire.
590 ## - NOTA LOCAL
Enlace Inventariado, 2023/VM
650 #4 - ENCABEZAMIENTO DE MATERIA--TEMÁTICO
Término temático o nombre geográfico como elemento de entrada Novela juvenil inglesa
650 #4 - ENCABEZAMIENTO DE MATERIA--TEMÁTICO
Término temático o nombre geográfico como elemento de entrada Magia
Subdivisión de forma Novela
Fuente del encabezamiento o término
910 ## - VALIDACIÓN
Validación YLOCKWARD/VMateo V. Control de calidad (BPMSU)
942 ## - ADDED ENTRY ELEMENTS (KOHA)
Source of classification or shelving scheme Dewey Decimal Classification
Koha item type Libros
980 ## - EQUIVALENCE OR CROSS-REFERENCE-SERIES STATEMENT--PERSONAL NAME/TITLE [LOCAL, CANADA]
Personal name
--
Numeration
Attribution qualifier
Titles and other words associated with a name
Existencias
Withdrawn status Lost status Source of classification or shelving scheme Damaged status Not for loan Collection code Home library Current library Date acquired Source of acquisition Full call number Barcode Date last seen Copy number Price effective from Koha item type
    Dewey Decimal Classification     Colección Juvenil General Biblioteca Pública Metropolitana Salomé Ureña Biblioteca Pública Metropolitana Salomé Ureña 11/03/2017 Compra BPMSU CG 823.91 R884Ha 2016 BPMSU17110048 11/03/2017 v.4 11/03/2017 Libros